• 首页
  • 本馆介绍
  • 公告通知
  • 最新文献
  • 馆藏检索
  • 电子资源
  • 读者导购
  • 参考咨询
  • 我的图书馆
  • 登录
  • 详细信息显示
  • 放入我的书架
  • 预约/预借图书
  • 作者相关作品
  • 分类相关作品
  • 丛书相关作品
  • 出版社相关作品

书目信息

  • 表格格式
  • 工作单格式
  • 卡片格式
题名:
化妆品天然成分原料手册
    
 
作者: 王建新 主编
分册:  
出版信息: 北京   化学工业出版社  2016
页数: 438页
开本: 24cm
丛书名:
单 册:
中图分类: TQ658-62
科图分类:
主题词: 化妆品--hua zhuang pin--化学分析--手册
电子资源:
ISBN: 978-7-122-25032-2
000 00912nam0 2200253 450
001 012001003866
005 20131106100022.0
010    @a978-7-122-25032-2@dCNY98.00
099    @aCAL 012015167507
100    @a20151217d2016 em y0chiy50 ea
101 0  @achi
102    @aCN@b110000
105    @aak z 001yy
106    @ar
200 1  @a化妆品天然成分原料手册@Ahua zhuang pin tian ran cheng fen yuan liao shou ce@f王建新主编
210    @a北京@c化学工业出版社@d2016
215    @a438页@c图@d24cm
320    @a有索引
330    @a本书收录了430多个化妆品天然功能原料, 系统介绍它们的名称、化学结构、来源、物理性质、化学性质、产品规格、安全管理情况、副作用、与化妆品相关的药理作用和研究, 以及在化妆品中的应用等。
606 0  @a化妆品@Ahua zhuang pin@x化学分析@j手册
690    @aTQ658-62@v5
701  0 @a王建新@Awang jian xin@4主编
801  2 @aCN@b上海新华@c20191020
905    @b1206934-7@dTQ658-62@e88@f4
    
    化妆品天然成分原料手册/王建新主编.-北京:化学工业出版社,2016
    438页:图;24cm
    
    
    ISBN 978-7-122-25032-2:CNY98.00
    本书收录了430多个化妆品天然功能原料, 系统介绍它们的名称、化学结构、来源、物理性质、化学性质、产品规格、安全管理情况、副作用、与化妆品相关的药理作用和研究, 以及在化妆品中的应用等。
●
相关链接 在E读中查询图书 在五车中查询图书 在当当中查询图书 在豆瓣中查询图书


正题名:化妆品天然成分原料手册     索取号:TQ658-62/88         预约/预借

序号 登录号 条形码 馆藏地/架位号 状态 备注
1 1206934   212069349   第二样本阅览室/ [索取号:TQ658-62/88] 在馆    
2 1206935   212069358   第三借阅区/ [索取号:TQ658-62/88] 在馆    
3 1206936   212069367   第三借阅区/ [索取号:TQ658-62/88] 在馆    
4 1206937   212069376   第三借阅区/ [索取号:TQ658-62/88] 在馆    
唐山师范学院图书馆 欢迎您!
大连网信软件有限公司© 版权所有